00611nam a2200169Ia 4500008004100000020001400041082001500055100001900070245008100089250001200170260004600182300001800228600001200246942000700258952015900265999001700424250522s9999 xx 000 0 und d a195774124 a954.91 QAS aQasir, Nadeem. 0aPakistan studies :ban investigation into the political economy, 1948-1988 / a1st ed. aKarachi :bOxford University Press,c1991 axii, 195 p. ; aHistory cGB 00104070aUITUbUITUcGIFd0000-00-00eGifted by Dr. Waseem Akhterl0o954.91 QASpG11r2025-05-22 16:43:25w2025-05-22yGBzGifted by Dr. Waseem Akhter c31171d31171